Départemah frahsé par de premiyér létr (Frahsé altérnatif) - Statistiques

Statistiques générales
  • Ce quiz a été pris 5 fois
  • Le résultat moyen est 37 sur 101
Réponses sur la Carte
Les réponses sont colorées sur une échelle allant du rouge au vert en fonction du pourcentage des utilisateurs qui les ont devinées à leur premier essai. Vous pouvez retrouver ces pourcentages ci-dessous.
 
Statistiques - réponses
Départements % Correct
29 Finistér
100%
53 Maiyén
100%
976 Maiyot
100%
51 Marn
100%
972 Martinic
100%
14 Calvados
80%
19 Coréz
80%
2A Cors du Sud
80%
22 Cot d'Armor
80%
21 Cot d'Or
80%
56 Morbiah
80%
57 Mozél
80%
59 Nor
80%
62 Pa d Calé
80%
75 Pari
80%
3 Aliyé
60%
4 Alp de Ot Provahs
60%
6 Alp Maritim
60%
2 Én
60%
80 Som
60%
71 Son é Lwar
60%
7 Ardéch
40%
8 Ardén
40%
9 Ariyéj
40%
67 Ba Rih
40%
79 De Sévr
40%
26 Drom
40%
973 Guyiiyan
40%
35 Il é Vilén
40%
39 Jura
40%
974 La Réuniyoh
40%
49 Mén é Lwar
40%
54 Mert é Mozél
40%
55 Mez
40%
10 Ob
40%
11 Od
40%
92 O d Sén
40%
68 O Rih
40%
61 Orn
40%
2B Ot Cors
40%
31 Ot Garon
40%
43 Ot Lwar
40%
52 Ot Marn
40%
65 Ot Piréné
40%
74 Ot Savwa
40%
70 Ot Son
40%
87 Ot Viyén
40%
5 Otz Alp
40%
64 Piréné Atlahtic
40%
66 Piréné Oriyahtal
40%
72 Sart
40%
73 Savwa
40%
60 Waz
40%
12 Avéroh
20%
13 Boych du Ron
20%
15 Cahtal
20%
16 Charaht
20%
17 Charaht Maritim
20%
24 Dordoniy
20%
25 Doy
20%
27 Er
20%
28 Er é Lwar
20%
34 Éro
20%
91 Éson
20%
30 Gar
20%
971 Gwadloyp
20%
1 Ih
20%
78 Ivlin
20%
38 Izér
20%
32 Jérs
20%
46 Lot
20%
47 Lot é Garon
20%
48 Lozér
20%
42 Lwar
20%
44 Lwar Atlahtic
20%
45 Lwaré
20%
41 Lwar é Chér
20%
50 Mahch
20%
63 Puyi d Dom
20%
69 Ron (é métropol de Liyoh)
20%
77 Sén é Marn
20%
76 Sén Maritim
20%
93 Sén Sih Dni
20%
81 Tarn
20%
82 Tarn é Garon
20%
90 Téritwar de Bélfor
20%
85 Vahdé
20%
94 Val de Marn
20%
95 Val d'Waz
20%
83 Var
20%
86 Viyén
20%
84 Vocluz
20%
88 Voj
20%
18 Chér
0%
23 Crez
0%
36 Ihdr
0%
37 Ihdr é Lwar
0%
89 Iyon
0%
33 Jirohd
0%
40 Lahd
0%
58 Niyévr
0%
Aucun quiz correspondant
Distribution des résultats
% des personnes avec chaque résultat
Percentile par nombre de réponses
Votre historique - résultats
Vous n’avez pas pris ce quiz